NBA, NHL, NFL, and MLB teams founded in 1990 or later - Statistics

General Stats
  • This quiz has been taken 410 times
    317 since last reset
  • The average score is 18 of 31
Answer Stats
League Answer % Correct
NHL Panthers
79%
NFL Panthers
79%
NHL Golden Knights
66%
NHL Jets
65%
NFL Texans
65%
NFL Jaguars
63%
NBA Thunder
61%
MLB Rays
60%
NHL Lightning
59%
NHL Wild
59%
NHL Ducks
58%
NFL Titans
58%
NHL Coyotes
57%
MLB Diamondbacks
57%
NBA Pelicans
57%
NHL Sharks
57%
NHL Avalanche
56%
NBA Grizzlies
56%
NBA Raptors
56%
NBA Hornets
55%
MLB Marlins
55%
NFL Ravens
55%
NHL Blue Jackets
54%
NHL Hurricanes
53%
NHL Predators
53%
MLB Nationals
51%
MLB Rockies
51%
NHL Stars
51%
NFL Rams
50%
NHL Senators
46%
MLB Angels
27%
No matching quizzes found
Score Distribution
Percent of People with Each Score
Percentile by Number Answered
Your Score History
You have not taken this quiz since the last reset